ბათუმის შოთა რუსთაველის სახელმწიფო უნივერსიტეტის ბიბლიოთეკა

Supporting children with social, emotional and mental health needs in the early years : (ბიბ.ჩანაწერი № 58410)

000 -LEADER
fixed length control field 01394cam a2200253 i 4500
001 - CONTROL NUMBER
control field 21891812
005 - DATE AND TIME OF LATEST TRANSACTION
control field 20220121110028.0
006 - FIXED-LENGTH DATA ELEMENTS--ADDITIONAL MATERIAL CHARACTERISTICS
fixed length control field m |o d |
007 - PHYSICAL DESCRIPTION FIXED FIELD--GENERAL INFORMATION
fixed length control field cr |||||||||||
008 - FIXED-LENGTH DATA ELEMENTS--GENERAL INFORMATION
fixed length control field 210121s2021 enk ob 001 0 eng
020 ## - INTERNATIONAL STANDARD BOOK NUMBER
Canceled/invalid ISBN 9780367545123
041 ## - LANGUAGE CODE
Language code of text/sound track or separate title eng
080 ## - UNIVERSAL DECIMAL CLASSIFICATION NUMBER
Universal Decimal Classification number 371.92 M-19
100 1# - MAIN ENTRY--PERSONAL NAME
Personal name Mainstone-Cotton, Sonia
9 (RLIN) 13418
245 10 - TITLE STATEMENT
Title Supporting children with social, emotional and mental health needs in the early years :
Remainder of title practical solutions and strategies for every setting /
Statement of responsibility, etc. Sonia Mainstone-Cotton.
250 ## - EDITION STATEMENT
Edition statement First edition
264 #1 - PRODUCTION, PUBLICATION, DISTRIBUTION, MANUFACTURE, AND COPYRIGHT NOTICE
Place of production, publication, distribution, manufacture London :
Name of producer, publisher, distributor, manufacturer Routledge, Taylor & Francis Group
Date of production, publication, distribution, manufacture, or copyright notice 2021.
300 ## - PHYSICAL DESCRIPTION
Extent 194 p
Other physical details 25 cm.
653 ## - INDEX TERM--UNCONTROLLED
keyword სოციალური, ემოციური და ფსიქიკური ჯანმრთელობის საჭიროებების მქონე ბავშვების დახმარება სკოლამდელ ასაკში
653 ## - INDEX TERM--UNCONTROLLED
keyword Поддержка детей с социальными, эмоциональными и психическими потребностями в раннем возрасте
653 ## - INDEX TERM--UNCONTROLLED
keyword გონებრივი შეზღუდული შესაძლებლობის მქონე ბავშვები
653 ## - INDEX TERM--UNCONTROLLED
keyword Дети с умственными отклонениями
942 ## - ADDED ENTRY ELEMENTS (KOHA)
Source of classification or shelving scheme
Koha item type წიგნი
ეგზემპლარები
Withdrawn status Lost status Source of classification or shelving scheme Damaged status Not for loan Permanent Location Current Location Shelving location Date acquired Cost, normal purchase price Full call number Barcode Date last seen Copy number Price effective from Koha item type Public note
          ბათუმის შოთა რუსთაველის სახელმწიფო უნივერსიტეტის მთავარი ბიბლიოთეკა ბათუმის შოთა რუსთაველის სახელმწიფო უნივერსიტეტის მთავარი ბიბლიოთეკა წიგნსაცავი 2022-01-21 50.00 371.92 M-19 62129 2022-01-21 62129 2022-01-21 წიგნი 50 ლ.